Dean's Handbook of Organic Chemistry (Record no. 223190)
[ view plain ]
| 000 -LEADER | |
|---|---|
| fixed length control field | 01693nam a22002177a 4500 |
| 005 - DATE AND TIME OF LATEST TRANSACTION | |
| control field | 20220603115411.0 |
| 008 - FIXED-LENGTH DATA ELEMENTS--GENERAL INFORMATION | |
| fixed length control field | 220601b ||||| |||| 00| 0 eng d |
| 020 ## - INTERNATIONAL STANDARD BOOK NUMBER | |
| International Standard Book Number | 9780071375931 |
| 040 ## - CATALOGING SOURCE | |
| Transcribing agency | AL |
| 041 ## - LANGUAGE CODE | |
| Language code of text/sound track or separate title | eng |
| 082 ## - DEWEY DECIMAL CLASSIFICATION NUMBER | |
| Edition number | 23 |
| Classification number | 547 |
| Item number | GOKD |
| 100 ## - MAIN ENTRY--PERSONAL NAME | |
| Personal name | George Gokel W |
| 9 (RLIN) | 39954 |
| 245 ## - TITLE STATEMENT | |
| Title | Dean's Handbook of Organic Chemistry |
| 250 ## - EDITION STATEMENT | |
| Edition statement | 2th ed. |
| 260 ## - PUBLICATION, DISTRIBUTION, ETC. | |
| Place of publication, distribution, etc. | New York |
| Name of publisher, distributor, etc. | McGRAW-HILL |
| Date of publication, distribution, etc. | 2004 |
| 300 ## - PHYSICAL DESCRIPTION | |
| Extent | iv,11.15p. |
| Other physical details | HB |
| Dimensions | 24x15cm. |
| 365 ## - TRADE PRICE | |
| Source of price type code | General |
| Price type code | 945 |
| Price amount | ₹7683.00 |
| Currency code | ₹ |
| Unit of pricing | ₹9850.00 |
| Price note | 22% |
| Price effective from | 19/05/2022 |
| 520 ## - SUMMARY, ETC. | |
| Summary, etc. | Get the organic chemistry answers you need - in a flash! Packed with nearly 50 per cent new content, this revised edition of "Dean's Handbook of Organic Chemistry" delivers comprehensive coverage, with practical information, key equations and tables, and a thorough introduction to each topic. Edited by a renowned expert in organic chemistry, this book updates: biopolymers; electronegativity; nomenclatures for supramolecular compounds; properties tables for atoms, radicals, and bonds; line-angle structural drawings; and much, much more!No matter if you're a chemist, a chemical or environmental engineer, or even a student, "Dean's Handbook of Organic Chemistry" will add precision, insight, and a host of timesaving tips to your efforts. It provides complete coverage of: organic compounds; inorganic compounds; properties of atoms, radicals, and bonds; physical properties; thermodynamic properties; spectroscopy; physicochemical relationships; electrolytes, electromotive force, and chemical equilibrium; laboratory manipulations; and, polymers, rubbers, fats, oils, and waxes.<br/> |
| 650 ## - SUBJECT ADDED ENTRY--TOPICAL TERM | |
| Source of heading or term | Chemistry |
| Topical term or geographic name entry element | Organic Chemistry |
| 9 (RLIN) | 40317 |
| 942 ## - ADDED ENTRY ELEMENTS (KOHA) | |
| Source of classification or shelving scheme | Dewey Decimal Classification |
| Koha item type | Book |
| Withdrawn status | Lost status | Source of classification or shelving scheme | Damaged status | Not for loan | Collection code | Home library | Current library | Date acquired | Source of acquisition | Cost, normal purchase price | Total Checkouts | Full call number | Barcode | Date last seen | Cost, replacement price | Price effective from | Koha item type |
|---|---|---|---|---|---|---|---|---|---|---|---|---|---|---|---|---|---|
| Dewey Decimal Classification | Analytical Chemistry | St Aloysius PG Library | St Aloysius PG Library | 05/31/2022 | Biblios Book Point | 7683.00 | 547 GOKD | PG023942 | 08/24/2022 | 9850.00 | 05/19/2022 | Book |